| 000 | 02257cam a22005294i 4500 | ||
|---|---|---|---|
| 003 | PE-LiUPU | ||
| 005 | 20250731172835.0 | ||
| 008 | 150825s2014 xxua rb 001 0 eng d | ||
| 020 |
_a9780989167154 _q(Volúmen 1) |
||
| 035 | _a(Sirsi) i9780989167154 | ||
| 040 |
_aPE-LiUPU _bspa _cPE-LiUPU _erda |
||
| 049 | _aPRUA | ||
| 082 | 0 | 4 |
_a231.7 _bN55 _223 |
| 100 | 1 |
_aNiehaus, Jeffrey J., _eautor. |
|
| 245 | 1 | 0 |
_aBiblical theology / _cJeffrey J. Niehaus. |
| 246 | 3 | _aCommon grace covenants | |
| 264 | 1 |
_aWooster, Ohio : _bWeaver book company, _c[2014]. |
|
| 300 |
_axviii, 353 páginas : _bilustraciones ; _c24 centímetros |
||
| 336 |
_atext _2rdacontent |
||
| 337 |
_aunmediated _2rdamedia |
||
| 338 |
_avolume _2rdacarrier |
||
| 500 | _aLa biblioteca sólo cuenta con el volúmen 1. | ||
| 504 | _aBibliografía : páginas 265-328. | ||
| 504 | _aÍndice de escrituras : páginas 329-343. | ||
| 504 | _aÍndice de términos : páginas 345-353. | ||
| 505 | 0 |
_gVolumen 1. _tThe common grace covenants -- The creation Covenant -- The creation covenant unfolds -- The creation covernant is threatened -- The sin and heritage of Cain -- Noah and the reason for the flood -- The flood and the noahic covenant -- Life under two covenants. |
|
| 526 | _aSEG42 | ||
| 526 | _aSEG41 | ||
| 526 | _aSEG40 | ||
| 526 | _aSEG39 | ||
| 526 | _aP94 | ||
| 526 | _aP87 | ||
| 526 | _aP86 | ||
| 526 | _aP85 | ||
| 526 | _aP77 | ||
| 526 | _aP76 | ||
| 526 | _aP35 | ||
| 650 | 4 |
_aPactos _xEnseñanza bíblica. |
|
| 650 | 4 |
_aTeología del pacto _xEnseñanza bíblica. |
|
| 910 |
_acce _bjvq _ccce _d201508259780989167154 |
||
| 942 |
_2ddc _cBOOK |
||
| 949 |
_aPGT 231.7 N55 1 _wDEWEY _c1 _i71488 _d2016-9-18 _e2016-9-15 _lCCODEBUL1 _mBUL _n2 _p22.00 _r0 _sY _tBOOK _u2015-8-25 _xTEOLOGIA _PP85 _0COMPRA _o.CIRCNOTE. No olvidar cambiar la fecha de devolución!!!!!!! _o.STAFF. Posgrado |
||
| 994 |
_aC0 _bPEPRU |
||
| 596 | _a1 | ||
| 999 |
_aPGT 231.7 N55 1 _wDEWEY _c6965 _i71488 _d6965 _e2016-9-15 _f2021-11-9 _g5 _lCCODEBUL1 _mBUL _n2 _p22.00 _q1 _r0 _sY _tBOOK _u2015-8-25 _xTEOLOGIA _PP85 _0COMPRA _o.CIRCNOTE. No olvidar cambiar la fecha de devolución!!!!!!! _o.STAFF. Colección Teología |
||
| 980 |
_81 _gALBERTO SANCHEZ Responsable de Automatización |
||